|
|
|
|
| LEADER |
01050nam a22002537a 4500 |
| 001 |
42134 |
| 003 |
BD-DhAAL |
| 008 |
240129t2002 bg ||||| |||| 00| 0 ben d |
| 020 |
|
|
|a 9847600341
|
| 040 |
|
|
|a BD-DhAAL
|c BD-DhAAL
|
| 041 |
|
|
|a ben
|
| 082 |
|
|
|a 954.9205
|
| 100 |
|
|
|a চৌধুরী, এ. কিউ. এম. বদরুদ্দোজা.
|9 55998
|
| 245 |
|
|
|a প্রবাসীর মন /
|c এ. কিউ. এম. বদরুদ্দোজা চৌধুরী.
|
| 246 |
|
|
|a Probashir mon
|
| 264 |
|
|
|a ঢাকা :
|b শিকড়,
|c ২০০২.
|
| 300 |
|
|
|a ১৪২ পৃষ্ঠা ;
|c ২২ সে.মি.
|
| 541 |
|
|
|a Donated by Rebecca Dipa Khan
|e 42134
|
| 650 |
|
|
|a Ex-presidents
|z Bangladesh.
|
| 650 |
|
|
|a Politicians
|z Bangladesh.
|
| 852 |
|
|
|a Ayesha Abed Library
|c General Stacks
|
| 942 |
|
|
|2 ddc
|c BK
|
| 999 |
|
|
|c 46336
|d 46336
|
| 952 |
|
|
|0 0
|1 0
|2 ddc
|4 0
|6 954_920500000000000_CHO
|7 0
|9 74996
|a BRACUL
|b BRACUL
|c GEN
|d 2024-01-29
|e Donated By Rebecca Dipa Khan
|g 150.00
|l 0
|o 954.9205 CHO
|p 3010042134
|r 2024-01-29
|t 1
|w 2024-01-29
|y BK
|